Which League Is It In? - Statistics

General Stats
  • This quiz has been taken 12 times
  • The average score is 93 of 124
Answer Stats
Hint Answer % Correct
New York Yankees MLB
100%
Pittsburgh Steelers NFL
100%
Chicago White Sox MLB
90%
Minnesota Twins MLB
90%
Toronto Blue Jays MLB
90%
Brooklyn Nets NBA
90%
Denver Nuggets NBA
90%
Detroit Pistons NBA
90%
Golden State Warriors NBA
90%
Milwaukee Bucks NBA
90%
Phoenix Suns NBA
90%
San Antonio Spurs NBA
90%
Arizona Cardinals NFL
90%
Detroit Lions NFL
90%
New York Jets NFL
90%
Edmonton Oilers NHL
90%
Baltimore Orioles MLB
80%
Chicago Cubs MLB
80%
Cincinnati Reds MLB
80%
Houston Astros MLB
80%
Oakland Athletics MLB
80%
San Diego Padres MLB
80%
Tampa Bay Rays MLB
80%
Atlanta Hawks NBA
80%
Boston Celtics NBA
80%
Charlotte Hornets NBA
80%
Houston Rockets NBA
80%
Indiana Pacers NBA
80%
Los Angeles Clippers NBA
80%
Los Angeles Lakers NBA
80%
Memphis Grizzlies NBA
80%
Miami Heat NBA
80%
Minnesota Timberwolves NBA
80%
New Orleans Pelicans NBA
80%
New York Knicks NBA
80%
Oklahoma City Thunder NBA
80%
Philadelphia 76ers NBA
80%
Portland Trail Blazers NBA
80%
Sacramento Kings NBA
80%
Toronto Raptors NBA
80%
Utah Jazz NBA
80%
Denver Nuggets NBA
80%
Atlanta Falcons NFL
80%
Baltimore Ravens NFL
80%
Buffalo Bills NFL
80%
Green Bay Packers NFL
80%
Kansas City Chiefs NFL
80%
Las Vegas Raiders NFL
80%
Los Angeles Chargers NFL
80%
Miami Dolphins NFL
80%
New England Patriots NFL
80%
New Orleans Saints NFL
80%
Tampa Bay Buccaneers NFL
80%
Tennessee Titans NFL
80%
Anaheim Ducks NHL
80%
Boston Bruins NHL
80%
Buffalo Sabres NHL
80%
Chicago Blackhawks NHL
80%
Detroit Red Wings NHL
80%
Montreal Canadiens NHL
80%
Nashville Predators NHL
80%
New Jersey Devils NHL
80%
New York Islanders NHL
80%
Ottawa Senators NHL
80%
Toronto Maple Leafs NHL
80%
Vancouver Canucks NHL
80%
Atlanta Braves MLB
70%
Boston Red Sox MLB
70%
Colorado Rockies MLB
70%
Kansas City Royals MLB
70%
Los Angeles Dodgers MLB
70%
Miami Marlins MLB
70%
Milwaukee Brewers MLB
70%
New York Mets MLB
70%
Philadelphia Phillies MLB
70%
Seattle Mariners MLB
70%
St. Louis Cardinals MLB
70%
Chicago Bulls NBA
70%
Cleveland Cavaliers NBA
70%
Dallas Mavericks NBA
70%
Orlando Magic NBA
70%
Carolina Panthers NFL
70%
Chicago Bears NFL
70%
Cincinnati Bengals NFL
70%
Cleveland Browns NFL
70%
Dallas Cowboys NFL
70%
Denver Broncos NFL
70%
Houston Texans NFL
70%
Indianapolis Colts NFL
70%
Jacksonville Jaguars NFL
70%
Los Angeles Rams NFL
70%
New York Giants NFL
70%
Philadelphia Eagles NFL
70%
San Francisco 49ers NFL
70%
Seattle Seahawks NFL
70%
Washington Commanders NFL
70%
Calgary Flames NHL
70%
Carolina Hurricanes NHL
70%
Colorado Avalanche NHL
70%
Columbus Blue Jackets NHL
70%
Florida Panthers NHL
70%
Philadelphia Flyers NHL
70%
San Jose Sharks NHL
70%
Seattle Kraken NHL
70%
St. Louis Blues NHL
70%
Winnipeg Jets NHL
70%
Arizona Diamondbacks MLB
60%
Pittsburgh Pirates MLB
60%
San Francisco Giants MLB
60%
Texas Rangers MLB
60%
Washington Nationals MLB
60%
Minnesota Vikings NFL
60%
Arizona Coyotes NHL
60%
Dallas Stars NHL
60%
Los Angeles Kings NHL
60%
Minnesota Wild NHL
60%
New York Rangers NHL
60%
Pittsburgh Penguins NHL
60%
Tampa Bay Lightning NHL
60%
Vegas Golden Knights NHL
60%
Detroit Tigers MLB
50%
Los Angeles Angels MLB
50%
Washington Capitals NHL
50%
Cleveland Guardians MLB
40%
No matching quizzes found
Score Distribution
Percent of People with Each Score
Percentile by Number Answered
Your Score History
You have not taken this quiz